000
00334 a2200157 4500
001
179216
020
_a
040
_c
Magnum
100
_a
Guedes, Avelino
240
1
0
_a
O sanduiche da Maricota
_l
por
245
1
0
_a
O sanduiche da Maricota
362
0
_a
1899
440
1
_a
Moderna
697
_a
LITERATURA INFANTIL
942
_c
BK
999
_c
179216
_d
179216